000 00609nam a2200217Ii 4500
003 JO-AjNU
008 230605s9999||||xx |||||||||||||| ||und||
017 _a1994/11/1249
040 _aJO-AjNU
_bara
_erda
_cJO-AjNU
041 _aara
050 1 4 _aPJ7864.A4.A17 1995
100 3 _aالتل، محمود فضيل,
_eauthor
_949342
245 0 0 _aهامش الطريق
250 _aط1
264 3 1 _aعمان: د.ن، 1995
300 _a119ص
336 _atext
_btxt
_2rdacontent
337 _aunmediated
_bn
_2rdamedia
338 _avolume
_bnc
_2rdacarrier
650 4 _aالشعر العربي
_949343
999 _aA21666
_c25234
_d25234